000 00363nam a2200145Ia 4500
008 240624s9999 xx 000 0 und d
041 _aeng
082 _a339.5 ROW
100 _aROWLEY CHARLES K
245 _aECONOMICS OF BUDGET DEFICITS
260 _c2002
_aLondon
_bEdward Elgar
300 _axlviii, : 465 : p. : cm. ; 25
365 _cGBP
_b30
440 _v1
999 _c26657
_d26657